| 000 | 01912ncm0a22004091 4500 | ||
|---|---|---|---|
| 001 | RU\NLR\ONIZ\216920 | ||
| 005 | 20250626062425.0 | ||
| 013 | _a979-0-706373-48-5 | ||
| 021 |
_aRU _b11-90н _911-9н |
||
| 035 | _aRU\NLR\ONIZ\GALA\5000030184\20170331104708 | ||
| 035 | _a(NLR Aleph) 011414436 | ||
| 071 | 2 | 0 | _a15660 |
| 090 |
_a11575849 _c11575849 |
||
| 100 | _a20170331d2011 |||y0rusy50 ca | ||
| 101 | 0 | _arus | |
| 102 | _aRU | ||
| 125 | _aax | ||
| 145 | 0 | _ab | |
| 200 | 1 |
_aФортепианные пьесы _bНоты _dPiano pieces _fП. И. Чайковский _gсост. М. Осеннева _g[ред. Я. Мильштейна, К. Сорокина] _zeng |
|
| 210 |
_aМосква _cМузыка _d2011 |
||
| 215 |
_a72 с. _cил. _d29 см |
||
| 225 | 1 | _aКлассика для всех | |
| 327 | 1 | _a1. Страстное признание ; 2. Грёзы : op. 9 № 1 ; 3. Каприччио : ор. 19 № 5 ; 4. Экспромт-каприс ; 5. В деревне : ор. 40 № 7 ; 6. Думка : ор. 59 ; 7. Экспромт : ор. 72 № 1 ; 8. Колыбельная : ор. 72 № 2 ; 9. Нежные упрёки : ор. 72 № 3 ; 10. Раздумье : ор. 72 № 5 | |
| 606 | 1 |
_aПьесы для фортепиано _yРоссия _z19 век _jНоты _2nlr_sh |
|
| 686 |
_aЩ954.2-058я44(28) _vLBC/SL _2rubbk |
||
| 700 | 1 |
_9z01790 _aЧайковский _bП. И. _f1840-1893 _gПетр Ильич _4230 _7ca |
|
| 702 | 1 |
_9z02790 _aОсеннева _bМ. С. _gМарина Степановна _4220 |
|
| 790 | 1 |
_9z01700 _aChajkovskij _bP. I. _f1840-1893 _gPyotr Il`ich _4230 |
|
| 790 | 1 |
_9z02702 _aOsenneva _bM. _gMarina _4220 |
|
| 801 | 0 |
_aRU _bNLR _c20170331 _gPSBO |
|
| 801 | 1 |
_aRU _bNLR _c20170331 _2rusmarc |
|
| 801 | 2 |
_aRU _bNLR _c20170425 |
|
| 852 |
_aNLR _bМ _jК-3/28148 _pМОЭ 2011-9н/90н (2 экз.) _t1 |
||
| 942 | _cSCORE | ||
| 980 | _aNB | ||
| 980 | _aONIZ | ||